Statystyki dla Zgadnij TOP 10 Piosenek od Strzały

Kliknij tutaj aby rozwiązać quiz!

Ogólne statystyki

  • Ten quiz został rozwiązany 4 razy
  • Średni wynik to 4 z 10

Statystyki odpowiedzi

Odpowiedź% Poprawnych
1Działeczka
100%
5TTT
67%
7Upo
67%
10CBD
33%
2Dripex
33%
4Hallo Weed
33%
9Puzzle
33%
3TRAP MAN
33%
6Vectra
33%
8Samuraj
0%

Rozkład punktacji

Percentyl według liczby udzielonych odpowiedzi

Procent ludzi z każdym wynikiem

Twoja historia wyników

Nie rozwiązałeś tego quizu